000 00922nam a2200229 a 4500
001 52499
003 BD-RjUL
005 20211209075822.0
008 160921s1957 ii ||||| |||| 00| 0 ben d
020 _c: Tk. 5.00
035 _a(BD-RjUL)52619
040 _aBD-RjUL
_bben
_cBD-RjUL
041 _aben
082 _223
_a491.25
_bSES 1957
100 1 _aসেনগুপ্ত, শৈলেন্দ্রনাথ
_9157005
245 1 0 _aসংস্কৃত শব্দশাস্ত্রের মূলকথা /
_cশৈলেন্দ্রনাথ সেনগুপ্ত
260 _aকলিকাতা :
_bফার্মা কে-এল মুখোপাধ্যায়,
_c১৯৫৭
300 _a১৪৭ পৃ. ;
_c২২ সেমি.
650 _aসংস্কৃত ভাষা
_vব্যাকরণ
_9157006
650 _aSanskrit language
_vGrammar
_9157007
942 _2ddc
_cBK
999 _c52499
_d52499